000 02027nam0a2200337 4500
001 RU\NLR\BIBL_A\022710042
005 20260607073732.0
010 _a978-5-00270-233-6
_9100
021 _aRU
_bКН-П-25-073380
_9КН-П-25-7107
035 _a(NLR Aleph) 022710042
090 _a13653421
_c13653421
100 _a20260128d2025 u y0rusy50 ca
101 0 _arus
102 _aRU
105 _aa|||j|||010yy
181 0 _ai3
_baxxe
182 0 _an
200 1 _aПироэлектрохимическая технология переработки отработанного ядерного топлива БН- и жидкосолевых реакторов
_eучебно-методическое пособие к лекциям по отдельным главам спецкурса "Ядерно-топливный цикл"
_fВ. С. Наумов, В. Г. Петров
_gМГУ имени М. В. Ломоносова, Химический факультет
203 _aТекст
_bвизуальный
_cнепосредственный
210 _aМосква
_cПеро
_d2025
215 _a306 с.
_cил., табл., цв. ил.
_d21
300 _aНа тит. с. и обл.: МГУ им. М. В. Ломоносова 270, 1755-2025
320 _aБиблиогр.: с. 297-300 (30 назв.)
606 1 _aЯдерное топливо отработанное
_jУчебно-методические пособия для высших учебных заведений
_xПереработка пироэлектрохимическая
_92704221
_3RU\NLR\AUTH\6601768782
686 1 _aЛ362.09я73-2
700 1 _7ca
_8rus
_aНаумов
_bВ. С.
_cканд. хим. наук
_gВалерий Сергеевич
_92703590
_3RU\NLR\AUTH\770291912
701 1 _7ca
_8rus
_aПетров
_bВ. Г.
_cканд. хим. наук, радиохимия
_gВладимир Геннадьевич
_3RU\NLR\AUTH\770168817
_9168767
942 _cBOOK
980 _aNB